ABSU LAW REVIEW (Record no. 43668)

MARC details
003 - CONTROL NUMBER IDENTIFIER
control field 43668
005 - DATE AND TIME OF LATEST TRANSACTION
control field 20251006212753.0
008 - FIXED-LENGTH DATA ELEMENTS--GENERAL INFORMATION
fixed length control field 251006b |||||||| |||| 00| 0 eng d
022 ## - INTERNATIONAL STANDARD SERIAL NUMBER
International Standard Serial Number 2371-3468
040 ## - CATALOGING SOURCE
Transcribing agency Nile University of Nigeria,Abuja.
Description conventions rda
050 ## - LIBRARY OF CONGRESS CALL NUMBER
Classification number K 60 .A10
082 ## - DEWEY DECIMAL CLASSIFICATION NUMBER
Classification number K 60 .A10
245 ## - TITLE STATEMENT
Title ABSU LAW REVIEW
250 ## - EDITION STATEMENT
Edition statement Vol1,No1, 2018
260 ## - PUBLICATION, DISTRIBUTION, ETC. (IMPRINT)
Place of publication, distribution, etc Abia State
Name of publisher, distributor, etc CIL Press
Date of publication, distribution, etc 2018
264 ## - PUBLICATION, DISTRIBUTION, ETC. (IMPRINT)
Place of publication, distribution, etc Abia State
Name of publisher, distributor, etc CIL Press
Date of publication, distribution, etc 2018
300 ## - PHYSICAL DESCRIPTION
Other physical details iv, 231, 35 cm
336 ## - CONTENT TYPE
Source rdacontent
338 ## - CARRIER TYPE
Source rdacarrier
942 ## - ADDED ENTRY ELEMENTS (KOHA)
Source of classification or shelving scheme Library of Congress Classification
Koha item type JOURNALS
Holdings
Withdrawn status Lost status Source of classification or shelving scheme Damaged status Not for loan Permanent Location Current Location Shelving location Date acquired Total Checkouts Date last seen Price effective from Koha item type
    Library of Congress Classification     Law Library Law Library Items on shelf 05/16/2018   10/06/2025 10/06/2025 JOURNALS
    Library of Congress Classification     Law Library Law Library Items on shelf 05/16/2018   10/06/2025 10/06/2025 JOURNALS
    Library of Congress Classification     Law Library Law Library Items on shelf 05/16/2018   10/06/2025 10/06/2025 JOURNALS
    Library of Congress Classification     Law Library Law Library Items on shelf 05/16/2018   10/06/2025 10/06/2025 JOURNALS